LEADER 02689nam0 2200445 450 001 000011685 005 20181206155810.0 010 $a88-14-00970-8$bvoll. 1-3 010 $a88-14-01081-1$bvol. 1 (Appendici regionali) 010 $a88-14-01165-6$bvol. 2 (Appendici regionali) 010 $a88-14-01112-5$bvol. 3 (Appendici regionali) 010 $a88-14-01121-4$bvol. 4 (Appendici regionali) 010 $a88-14-01131-1$bvol. 5 (Appendici regionali) 100 $a20080522g19879999km-y0itay50------ba 101 0 $aita 102 $aIT 105 $ay---n---001yy 200 1 $aRassegna di giurisprudenza sull'urbanistica$fa cura di Renzo Poggi$gcon la collaborazione di Piero Brunori ... [et al.] 205 $a3. ed. interamente rifusa e coordinata con le disposizioni della legge 28 febbraio 1985 n. 47 e succ. modif. 210 $aMilano$cA. Giuffrè$d1987- 215 $av.$d25 cm 225 2 $aRaccolta di giurisprudenza amministrativa e tributaria 327 0 $a1.: La legge urbanistica : (artt. 1-31). - 1987$a2.: La legge urbanistica : (artt. 32-45) : misure di salvaguardia. - 1987$a3.: Legislazione speciale e settoriale, norme generali attinenti all'urbanistca, ricorsi e tutela giurisdizionale. - 1987$aAppendici regionali : 1.: Valle D'Aosta, Piemonte, Liguria, Lombardia / con la collaborazione di Massimo Carli. - 1987$aAppendici regionali : 2.: Trentino-Alto Adige, province di Trento e di Bolzano, Friuli-Venezia Giulia, Veneto / con la collaborazione di Massimo Carli. - 1987$aAppendici regionali : 3.: Emilia Romagna, Toscana / con la collaborazione di Massimo Carli. - 1987$aAppendici regionali : 4.: Umbria, Marche, Lazio, Abruzzo, Molise / con la collaborazione di Massimo Carli. - 1987$aAppendici regionali : 5.: Campania, Puglia, Basilicata, Calabria / con la collaborazione di Massimo Carli. - 1987 410 0$12001$aRaccolta di giurisprudenza amministrativa e tributaria 451 0$1001000011680 610 1 $aUrbanistica$aGiurisprudenza 676 $a346.4504502648$v20$9Diritto privato. Pianificazione territoriale e urbana. Repetori di giurisprudenza. Italia 702 1$aPoggi,$bRenzo 801 0$aIT$bUNIPARTHENOPE$c20080522$gRICA$2UNIMARC 912 $a000011685 951 $a346.046/103 [I]$b28359[I]$cNAVA4 951 $a346.046/103 [II]$b28359[II]$cNAVA4 951 $a346.046/103 [III]$b28359[III]$cNAVA4 951 $a346.046/104 [I]$b28335$cNAVA4 951 $a346.046/104 [II]$b28336$cNAVA4 951 $a346.046/104 [III]$b283337$cNAVA4 951 $a346.046/104 [IV]$b28338$cNAVA4 951 $a346.046/104 [V]$b28301$cNAVA4 996 $aRassegna di giurisprudenza sull'urbanistica$9270769 997 $aUNIPARTHENOPE LEADER 01052nam0 22002771i 450 001 UON00412786 005 20231205104747.745 010 $a978-75-12-50098-3 100 $a20121105d2010 |0itac50 ba 101 $achi 102 $aCN 105 $a|||| 1|||| 200 1 $a1988$ewo xiang he zhege shijie tantan$fHan Han zuo pin 210 $aBeijing$cGuo ji wen hua chuban gongsi$d2010 215 $a191 p.$d21 cm 606 $aLETTERATURA CINESE$xFICTION$xSEC. XX-XXI$3UONC075723$2FI 620 $aCN$dBeijing$3UONL000457 686 $aCIN VI BA$cCina - Letteratura moderna e contemporanea - Testi$2A 700 0$aHAN Han$3UONV148925$0688992 712 $aGuo ji wen hua chuban gongsi$3UONV279741$4650 801 $aIT$bSOL$c20250620$gRICA 899 $aSIBA - SISTEMA BIBLIOTECARIO DI ATENEO$2UONSI 912 $aUON00412786 950 $aSIBA - SISTEMA BIBLIOTECARIO DI ATENEO$dSI CIN VI BA 1124 N $eSI 2304 7 1124 N 996 $a1988$91343258 997 $aUNIOR